Geography of the information economy

محفوظ في:
التفاصيل البيبلوغرافية
المؤلف الرئيسي: Hepworth, Mark E.
التنسيق: كتاب
اللغة:Undetermined
منشور في: London Belhaven Press 1989
الموضوعات:
الوسوم: إضافة وسم
لا توجد وسوم, كن أول من يضع وسما على هذه التسجيلة!
Thư viện lưu trữ: Trung tâm Học liệu Trường Đại học Cần Thơ
LEADER 00500nam a2200181Ia 4500
001 CTU_83627
008 210402s9999 xx 000 0 und d
082 |a 338.6 
082 |b H529 
100 |a Hepworth, Mark E. 
245 0 |a Geography of the information economy 
245 0 |c Mark E. Hepworth 
260 |a London 
260 |b Belhaven Press 
260 |c 1989 
650 |a Information services industry 
904 |i Qhieu (sửa) 
980 |a Trung tâm Học liệu Trường Đại học Cần Thơ